| 000 | 01135nam a2200229Ia 4500 | ||
|---|---|---|---|
| 001 | 11528 | ||
| 003 | GE_BSU | ||
| 008 | 181216s||||||||xx |||||||||||||| ||und|| | ||
| 040 | _cGE_BSU | ||
| 080 | _a634 | ||
| 100 | _aილოვაისკი,ა; ი.კაპელევი; პ.კიბალოვი. | ||
| 245 | _aბოსტნეული და ხეხილოვანი კულტურების სელექცია და მეთესლეობა. | ||
| 245 | _bსახელმძღვ.მეხილეობა–მებოსტნეობის სპეც.სას.–სამ. ტექნიკუმებისათვის. | ||
| 245 | _cრედ:ელ.ფიფია;მთარგმ:გ.კაპატაძე. | ||
| 260 | _aთბილისი. | ||
| 260 | _bგანათლება. | ||
| 260 | _c1975. | ||
| 300 | _a348გვ;21სმ. | ||
| 300 | _eილ. | ||
| 653 | _aბოსტნეული და ხეხილოვანი კულტურების სელექცია და მეთესლეობა. | ||
| 942 | _cBK | ||
| 999 |
_c44723 _d44723 |
||